Normal view MARC view
  • Colomb, G.

Entry Nombre Personal

Number of records used in: 1

001 - NUMERO DE CONTROL

  • campo de control: 49014

003 - IDENTIFICADOR DE NUMERO DE CONTROL

  • campo de control: MX-MxUPN

005 - FECHA Y HORA DE LA ÜLTIMA TRANSACCIÓN

  • campo de control: 20230524113500.0

008 - DATOS DE LONGITUD FIJA

  • campo de control de longitud fija: 230524|| aca||aabn | a|a d

040 ## - FUENTE DE CATALOGACIÓN

  • Agencia original de catalogación: MX-MxUPN
  • Lenguaje de catalogación: spa
  • Agencia de transcripción: MX-MxUPN

100 1# - ENCABEZAMIENTO - NOMBRE PERSONAL

  • Nombre personal: Colomb, G.

670 ## - FUENTE EN LA QUE SE LOCALIZARON DATOS

  • Cita de la fuente: Lecciones de cosas en 650 grabados, 1904:
  • Información localizada: portada (G. Colomb; exalumno de la Escuela Normal Superior; doctor en Ciencias, subdirector del Laboratorio de Botánica en la Facultad de Ciencias de la Universidad de París)

902 ## - CATALOGADOR

  • Catalogador: Víctor Ruiz/240523